[Event "Izt"]
[Site "masterchessopen.com Stockholm (Sweden)"]
[Round "0"]
[White "Stein Leonid Z (UKR)"]
[Black "Portisch Lajos (HUN)"]
[Result "1-0"]
[WhiteElo "2620"]
[BlackElo "2523"]

1.e4 c5 2.Nf3 e6 3.d4 cxd4 4.Nxd4 a6 5.Bd3 Nf6 6.O-O Qc7 7.Nd2 Nc6 8.Nxc6 bxc6
9.f4 Bc5+ { ?! } ( 9...d5 10.Qe2 Be7 11.b3 O-O 12.Bb2 { ? } ) 10.Kh1 d6 11.Nf3
e5 ( 11...O-O { ?! } 12.e5 { ! } 12...dxe5 13.fxe5 Nd5 14.Bxh7+ { ! }
14...Kxh7 15.Ng5+ { +?? } ) 12.fxe5 dxe5 13.Nh4 O-O 14.Nf5 Be6 ( 14...Bxf5
15.Rxf5 Ne8 16.Qg4 f6 ( 16...Qe7 17.Bc4 Nd6 18.Bh6 { ! } 18...Nxf5 19.exf5 Qf6
20.Bg5 Qd6 21.Rd1 Bd4 22.c3 { +?? } ) 17.Bc4+ Kh8 18.Rh5 { ! +?? } ) 15.Qe2 a5
16.Bc4 { ! } 16...Kh8 17.Bg5 Nd7 { ? } ( 17...Ng8 ) 18.Rad1 Nb6 19.Nxg7 { !! }
19...Bxc4 ( 19...Kxg7 20.Bf6+ Kg8 21.Qf3 Qc8 22.Qg3+ Bg4 23.Rf5 { ! +?? } )
20.Bf6 { !! } 20...Be7 21.Qf3 {#r} 1-0

[Event "Zt"]
[Site "masterchessopen.com Kecskemet (Hungary)"]
[Round "0"]
[White "Attard Wilfred (MLT)"]
[Black "Damjanovic Mato (CRO)"]
[Result "0-1"]
[WhiteElo "2225"]
[BlackElo "2303"]

1.e4 c5 2.Nf3 e6 3.d4 cxd4 4.Nxd4 a6 5.Bd3 Nc6 6.Nxc6 dxc6 7.O-O e5 8.Nd2 Be6
9.b3 Ne7 10.Bb2 Ng6 11.Nc4 Qc7 12.Qh5 Bxc4 13.Bxc4 b5 14.Be2 Bc5 15.g3 O-O
16.Rad1 Rad8 17.Rxd8 Rxd8 18.Rd1 Rxd1+ 19.Bxd1 Qa5 20.Qf5 Qe1+ 21.Kg2 Qxd1
{#R} 0-1

[Event "Ch \"]
[Site "masterchessopen.com Ukraine"]
[Round "13"]
[White "Margulis Isaak (USA)"]
[Black "Platonov Igor V (RUS)"]
[Result "1-0"]
[WhiteElo "2084"]
[BlackElo "2430"]

1.e4 c5 2.Nf3 e6 3.d4 cxd4 4.Nxd4 a6 5.Bd3 Bc5 6.Nb3 Ba7 7.O-O Ne7 8.Nc3 Nbc6
9.Qe2 O-O 10.Be3 Bb8 11.Rad1 f5 12.f4 fxe4 13.Nxe4 Nf5 14.Bc5 d6 15.Bf2 d5
16.Ng5 Bxf4 17.Nxe6 Bxh2+ 18.Kh1 Qd6 19.Bxf5 Rxf5 20.Bc5 Qxe6 21.Rxf5 Bd7
22.Rdf1 {#r} 1-0

[Event "It \"]
[Site "masterchessopen.com Kislovodsk (Russia)"]
[Round "4"]
[White "Matulovic Milan (SRB)"]
[Black "Hamann Svend (DEN)"]
[Result "1-0"]
[WhiteElo "2394"]
[BlackElo "2298"]

1.e4 c5 2.Nf3 e6 3.d4 cxd4 4.Nxd4 a6 5.Bd3 Nc6 6.Nxc6 bxc6 7.O-O d5 8.Qe2 Nf6
9.Bg5 Be7 10.Nd2 O-O 11.Rae1 Re8 12.Kh1 Bb7 13.f4 c5 14.e5 Nd7 15.Bxh7+ Kxh7
16.Qh5+ Kg8 17.Re3 f5 18.Rh3 Nf8 19.Nf3 {#r} 1-0

[Event "Ch Netherlands"]
[Site "masterchessopen.com Zierikzee (Netherlands)"]
[Round "1"]
[White "Zuidema Coen (NED)"]
[Black "Ree Hans (NED)"]
[Result "1-0"]
[WhiteElo "2450"]
[BlackElo "2379"]

1.e4 c5 2.Nf3 e6 3.d4 cxd4 4.Nxd4 a6 5.Bd3 Nf6 6.O-O d6 7.f4 g6 8.b3 Bg7 9.Bb2
O-O 10.Kh1 Nbd7 11.Nd2 Qc7 12.N4f3 Nc5 13.Qe1 Nxd3 14.cxd3 Qc2 15.Nc4 Qxd3
16.Ng5 Nxe4 17.Bxg7 Kxg7 18.Qxe4 {#r} 1-0

[Event "?"]
[Site "masterchessopen.com Czechoslovakia"]
[Round "0"]
[White "Lechtynsky Jiri (CZE)"]
[Black "Pachman Ludek (GER)"]
[Result "1-0"]
[WhiteElo "2375"]
[BlackElo "2278"]

1.e4 c5 2.Nf3 e6 3.d4 cxd4 4.Nxd4 a6 5.Bd3 Bc5 6.Nb3 Ba7 7.O-O Nc6 8.Kh1 Nge7
9.f4 O-O 10.e5 f6 11.exf6 Rxf6 12.N1d2 Nd5 13.Ne4 Rf8 14.f5 h6 15.Bxh6 gxh6
16.Qg4+ Kh8 17.Qg6 Be3 18.f6 Rg8 19.Qh7+ {#r} 1-0

[Event "Ch Yugoslavia"]
[Site "masterchessopen.com Sombor (Yugoslavia)"]
[Round "0"]
[White "Barczay Laszlo (HUN)"]
[Black "Masic Ljubomir (SCG)"]
[Result "0-1"]
[WhiteElo "2381"]
[BlackElo "2254"]

1.e4 c5 2.Nf3 e6 3.d4 cxd4 4.Nxd4 a6 5.Bd3 Bc5 6.Nb3 Ba7 7.O-O Nc6 8.Qe2 Nge7
9.Nc3 O-O 10.Be3 Bxe3 11.Qxe3 f6 12.Rad1 b6 13.Rd2 Qc7 14.Rfd1 Ne5 15.Be2 g5
16.g3 g4 17.Nd4 Rf7 18.h3 h5 19.Qh6 Bb7 20.h4 Raf8 21.Qf4 Rg7 22.Kf1 N7g6 {#R}
0-1

[Event "It"]
[Site "masterchessopen.com Varna (Bulgaria)"]
[Round "0"]
[White "Bednarski Jacek B (POL)"]
[Black "Peev Peicho (BUL)"]
[Result "1-0"]
[WhiteElo "2227"]
[BlackElo "2284"]

1.e4 c5 2.Nf3 e6 3.d4 cxd4 4.Nxd4 a6 5.Bd3 Nf6 6.O-O d6 7.b3 g6 8.a4 b6 9.Nd2
Bg7 10.Nc4 d5 11.exd5 Nxd5 12.Ba3 Bxd4 13.Nd6+ Kd7 14.c4 Qf6 15.cxd5 Bxa1
16.Be4 Kc7 17.dxe6 Bxe6 18.Bxa8 Nd7 19.Ne4 Qd4 20.Bd6+ {#r} 1-0

[Event "Olympiad"]
[Site "masterchessopen.com Siegen (Germany)"]
[Round "7"]
[White "Boey Josef (BEL)"]
[Black "Miyasaki Yukio (JPN)"]
[Result "1-0"]
[WhiteElo "2280"]
[BlackElo "2280"]

1.e4 c5 2.Nf3 e6 3.d4 cxd4 4.Nxd4 a6 5.Bd3 Nf6 6.O-O Nc6 7.Nxc6 bxc6 8.e5 Nd5
9.c4 Nb6 10.Qg4 Qc7 11.Bf4 h6 12.Nc3 Qd8 13.Ne4 d5 14.exd6 Nd7 15.Rae1 g5
16.Nxg5 Nf6 17.Nxe6 Qb6 18.Ng5+ Be7 19.Rxe7+ {#r} 1-0

[Event "Olympiad"]
[Site "masterchessopen.com Siegen (Germany)"]
[Round "11"]
[White "Roehrl Karl (AUT)"]
[Black "Zorko Dusan (SLO)"]
[Result "1-0"]
[WhiteElo "2268"]
[BlackElo "2221"]

1.e4 c5 2.Nf3 e6 3.d4 cxd4 4.Nxd4 a6 5.Bd3 Qc7 6.O-O Nf6 7.Qe2 d6 8.Kh1 Be7
9.f4 Nbd7 10.Nc3 O-O 11.Be3 b5 12.e5 Ne8 13.Qh5 g6 14.Qh6 Bb7 15.Ne4 dxe5
16.Rf3 Bxe4 17.Bxe4 exd4 18.Bxd4 Rd8 19.Qxh7+ {#r} 1-0

[Event "It (open)"]
[Site "masterchessopen.com Islington (England)"]
[Round "3"]
[White "Littlewood Norman"]
[Black "Johnson Robert K (USA)"]
[Result "1-0"]
[WhiteElo "2328"]
[BlackElo "2139"]

1.e4 c5 2.Nf3 e6 3.d4 cxd4 4.Nxd4 a6 5.Bd3 Nc6 6.Nb3 Qc7 7.O-O b5 8.a4 bxa4
9.Rxa4 Bb7 10.Na3 Nf6 11.Qe2 Nb4 12.Bd2 Nxd3 13.cxd3 Bxa3 14.Rxa3 Qc2 15.Na5
Bc6 16.Nc4 Bxe4 17.dxe4 Qxe4 18.Nd6+ {#r} 1-0

[Event "Ch DDR"]
[Site "masterchessopen.com Erfurt (Germany)"]
[Round "5"]
[White "Schoeneberg Manfred (GER)"]
[Black "Heinig Wolfram Dr (GER)"]
[Result "0-1"]
[WhiteElo "2279"]
[BlackElo "2321"]

1.e4 c5 2.Nf3 e6 3.d4 cxd4 4.Nxd4 a6 5.Bd3 Bc5 6.Nb3 Ba7 7.O-O Nc6 8.Qe2 Nge7
9.c4 d6 10.Nc3 O-O 11.Be3 Bxe3 12.Qxe3 e5 13.Rfd1 Na5 14.Bf1 Nxb3 15.axb3 Be6
16.c5 Bxb3 17.Rxd6 Qc7 18.Rb6 Be6 19.Nd5 {#R} 0-1

[Event "It"]
[Site "masterchessopen.com Eksjo (Sweden)"]
[Round "9"]
[White "Lehmann Heinz G (GER)"]
[Black "Ivarsson Johnny (SWE)"]
[Result "1-0"]
[WhiteElo "2285"]
[BlackElo "2420"]

1.e4 c5 2.Nf3 e6 3.d4 cxd4 4.Nxd4 a6 5.Bd3 Bc5 6.Nb3 Ba7 7.Qe2 Nc6 8.Nc3 d6
9.Be3 Bxe3 10.Qxe3 Nf6 11.O-O-O b5 12.f4 Bd7 13.Be2 Qb8 14.g4 Ke7 15.g5 Ne8
16.e5 dxe5 17.Qc5+ Nd6 18.fxe5 {#r} 1-0

[Event "It"]
[Site "masterchessopen.com New York (USA)"]
[Round "0"]
[White "Diesen Mark C (USA)"]
[Black "Matera Salvatore (J/U)"]
[Result "1-0"]
[WhiteElo "2360"]
[BlackElo "2425"]

1.e4 c5 2.Nf3 e6 3.d4 cxd4 4.Nxd4 a6 5.Bd3 Nf6 6.O-O d6 7.c4 Be7 8.Nc3 O-O
9.Be3 Re8 10.Nb3 Nbd7 11.f4 b6 12.Qf3 Bb7 13.Rad1 Qc7 14.Qh3 Bf8 15.g4 d5
16.cxd5 Nc5 17.d6 Bxd6 18.e5 Nxd3 19.Rxd3 Bxe5 20.fxe5 Qxe5 21.Bf4 {#r} 1-0

[Event "Tournament"]
[Site "masterchessopen.com Athens (Greece)"]
[Round "0"]
[White "Makropoulos Georgios (GRE)"]
[Black "Velikov Petar (BUL)"]
[Result "1-0"]
[WhiteElo "2385"]
[BlackElo "2417"]

1.e4 c5 2.Nf3 e6 3.d4 cxd4 4.Nxd4 a6 5.Bd3 Bc5 6.Nb3 Ba7 7.Qe2 d6 8.Nc3 Nc6
9.Be3 Bxe3 10.Qxe3 Nf6 11.O-O-O Qc7 12.f4 O-O 13.Rhg1 b5 14.g4 Nd7 15.g5 Bb7
16.e5 dxe5 17.Ne4 Ne7 18.Nf6+ gxf6 19.Bxh7+ Kxh7 20.Qh3+ Kg8 21.gxf6+ Ng6
22.Rxd7 {#r} 1-0

[Event "Olympiad (w) (qual)"]
[Site "masterchessopen.com Buenos Aires (Argentina)"]
[Round "3"]
[White "Polihroniade Elisabeta (ROM)"]
[Black "Patino Rosalba (COL)"]
[Result "1-0"]
[WhiteElo "2195"]
[BlackElo "2005"]

1.e4 c5 2.Nf3 e6 3.d4 cxd4 4.Nxd4 a6 5.Bd3 Nf6 6.O-O d6 7.Nc3 Be7 8.Be3 b5
9.f4 Bb7 10.Qf3 O-O 11.g4 Nbd7 12.g5 Ne8 13.Qh3 Nc5 14.a3 g6 15.Qh6 Ng7 16.f5
exf5 17.exf5 {#r} 1-0

[Event "Cup Mitropa"]
[Site "masterchessopen.com Europe"]
[Round "3"]
[White "Hartmans Eddy (NED)"]
[Black "Hoffmann Regis (FRA)"]
[Result "1-0"]
[WhiteElo "2229"]
[BlackElo "2097"]

1.e4 c5 2.Nf3 e6 3.d4 cxd4 4.Nxd4 a6 5.Bd3 Nf6 6.Qe2 Qc7 7.O-O Bc5 8.Nb3 Ba7
9.Nc3 d6 10.Be3 b6 11.a4 O-O 12.f4 e5 13.Kh1 Bb7 14.fxe5 dxe5 15.Rxf6 gxf6
16.Bh6 Qd7 17.Qf3 {#r} 1-0

[Event "Ch Europe (juniors)"]
[Site "masterchessopen.com Groningen (Netherlands)"]
[Round "5"]
[White "Hoeksema Hendrik Pieter (NED)"]
[Black "Franzoni Giancarlo (SUI)"]
[Result "0-1"]
[WhiteElo "2328"]
[BlackElo "2427"]

1.e4 c5 2.Nf3 e6 3.d4 cxd4 4.Nxd4 a6 5.Bd3 Ne7 6.O-O Nec6 7.Nb3 Be7 8.Nc3 b5
9.f4 d6 10.Be3 Nd7 11.Qg4 O-O 12.Qh3 Nb4 13.a3 Nxd3 14.cxd3 Nc5 15.Nxc5 dxc5
16.Rad1 Qc7 17.Ne2 c4 18.d4 a5 19.Ng3 c3 20.Rc1 b4 21.bxc3 bxc3 22.Bd2 e5 {#R}
0-1

[Event "Ch DDR (w)"]
[Site "masterchessopen.com Suhl (Germany)"]
[Round "1"]
[White "Wagner-Michel Annett (GER)"]
[Black "Mai Iris (GER)"]
[Result "1-0"]
[WhiteElo "2169"]
[BlackElo "2115"]

1.e4 c5 2.Nf3 e6 3.d4 cxd4 4.Nxd4 a6 5.Bd3 Qc7 6.O-O b5 7.Qe2 Bb7 8.Nd2 d6
9.c4 b4 10.b3 Nf6 11.a3 Qb6 12.N2f3 bxa3 13.Bxa3 e5 14.Nf5 g6 15.Ng3 Bg7
16.Bc2 Nbd7 17.Rfd1 Nc5 18.b4 Ne6 19.Ba4+ Kf8 20.c5 {#r} 1-0

[Event "Ch NRW"]
[Site "masterchessopen.com Niederdreisbach (Germany)"]
[Round "0"]
[White "Schmidt Gerhard (GER)"]
[Black "Gerusel Mathias (GER)"]
[Result "0-1"]
[WhiteElo "2078"]
[BlackElo "2380"]

1.e4 c5 2.Nf3 e6 3.d4 cxd4 4.Nxd4 a6 5.Bd3 g6 6.Nc3 Bg7 7.Be3 Ne7 8.O-O O-O
9.f4 Nbc6 10.Nxc6 Nxc6 11.Be2 Qa5 12.f5 exf5 13.exf5 d5 14.f6 d4 15.fxg7 Rd8
16.Bh6 dxc3 17.Qc1 Qb6+ 18.Kh1 cxb2 19.Bc4 Bf5 20.Qf4 Rd4 {#R} 0-1

[Event "Olympiad"]
[Site "masterchessopen.com Lucerne (Switzerland)"]
[Round "3"]
[White "Alzate Dario (COL)"]
[Black "Schammo J"]
[Result "1-0"]
[WhiteElo "2365"]
[BlackElo "2220"]

1.e4 c5 2.Nf3 e6 3.d4 cxd4 4.Nxd4 a6 5.Bd3 Nf6 6.O-O d6 7.c4 b6 8.Nc3 Bb7 9.f4
Nbd7 10.Qa4 Qc7 11.f5 e5 12.Ne6 fxe6 13.fxe6 Bc6 14.exd7+ Qxd7 15.Qb3 Qb7
16.Be3 Rb8 17.Nd5 Nxd5 18.exd5 Bd7 19.Qc2 g6 20.Bg5 Be7 21.Bxg6+ {#r} 1-0

[Event "Olympiad"]
[Site "masterchessopen.com Lucerne (Switzerland)"]
[Round "5"]
[White "Khan Mohd Omer (PAK)"]
[Black "Afifi Assem (EGY)"]
[Result "0-1"]
[WhiteElo "2275"]
[BlackElo "2272"]

1.e4 c5 2.Nf3 e6 3.d4 cxd4 4.Nxd4 a6 5.Bd3 Nc6 6.Ne2 Nf6 7.O-O Qc7 8.c3 b5
9.Ng3 h5 10.Re1 Bc5 11.Be3 Bxe3 12.Rxe3 Ng4 13.Re1 Nxh2 14.a4 b4 15.cxb4 h4
16.Nf1 h3 17.Nxh2 hxg2 18.Nf3 Qf4 19.Kxg2 Nd4 {#R} 0-1

[Event "It"]
[Site "masterchessopen.com Rostock (Germany)"]
[Round "0"]
[White "Paehtz Thomas (GER)"]
[Black "Neukirch Detlef (GER)"]
[Result "1-0"]
[WhiteElo "2365"]
[BlackElo "2365"]

1.e4 c5 2.Nf3 e6 3.d4 cxd4 4.Nxd4 a6 5.Bd3 Nc6 6.Nxc6 dxc6 7.O-O e5 8.a4 Bc5
9.Nd2 Nf6 10.Nc4 Qc7 11.a5 O-O 12.Bg5 Ne8 13.Qe2 Be6 14.Nb6 Bxb6 15.axb6 Qd7
16.Rfd1 f6 17.Be3 Qe7 18.Qd2 c5 19.Qc3 Rc8 20.Bc4 Nd6 21.Bxc5 Rfd8 22.Bxd6
{#r} 1-0

[Event "Ch DDR"]
[Site "masterchessopen.com Salzwedel (Germany)"]
[Round "11"]
[White "Rossmann Helmut (GER)"]
[Black "Espig Lutz (GER)"]
[Result "0-1"]
[WhiteElo "2290"]
[BlackElo "2425"]

1.e4 c5 2.Nf3 e6 3.d4 cxd4 4.Nxd4 a6 5.Bd3 g6 6.Nd2 Bg7 7.N2f3 Ne7 8.O-O Nbc6
9.Nxc6 Nxc6 10.c3 d5 11.Bf4 d4 12.cxd4 Nxd4 13.Nxd4 Qxd4 14.Bd6 {#R} 0-1

[Event "It (open)"]
[Site "masterchessopen.com Caorle (Italy)"]
[Round "2"]
[White "Messa Roberto (ITA)"]
[Black "Fuss Bert"]
[Result "1-0"]
[WhiteElo "2305"]
[BlackElo "2200"]

1.e4 c5 2.Nf3 e6 3.d4 cxd4 4.Nxd4 a6 5.Bd3 Qc7 6.O-O Nf6 7.c4 Nc6 8.Nxc6 dxc6
9.Be3 Be7 10.Nc3 c5 11.f4 e5 12.Nd5 Nxd5 13.exd5 h5 14.Qf3 Bf6 15.Rae1 Bg4
16.Qf2 b6 17.fxe5 Bxe5 18.d6 Qxd6 19.Qxf7+ Kd8 20.Bg5+ Kc8 21.Bf5+ {#r} 1-0

[Event "It (open)"]
[Site "masterchessopen.com Hamburg (Germany)"]
[Round "0"]
[White "Bednarski Jacek B (POL)"]
[Black "Stelting Thorsten (GER)"]
[Result "1-0"]
[WhiteElo "2227"]
[BlackElo "2212"]

1.e4 c5 2.Nf3 e6 3.d4 cxd4 4.Nxd4 a6 5.Bd3 Ne7 6.O-O Nbc6 7.Nxc6 Nxc6 8.Qg4 b5
9.Qg3 Bb7 10.a4 Nb4 11.axb5 Nxd3 12.cxd3 axb5 13.Rxa8 Bxa8 14.Nc3 b4 15.Nb5 d6
16.e5 dxe5 17.Qxe5 Bc6 {#r} 1-0

[Event "Ch Argentina"]
[Site "masterchessopen.com Buenos Aires (Argentina)"]
[Round "10"]
[White "Gomez Baillo Jorge H (ARG)"]
[Black "Miana Elias (ARG)"]
[Result "1-0"]
[WhiteElo "2295"]
[BlackElo "2222"]

1.e4 c5 2.Nf3 e6 3.d4 cxd4 4.Nxd4 a6 5.Bd3 Qc7 6.O-O Nf6 7.Qe2 d6 8.b3 Be7
9.Bb2 Nbd7 10.c4 b6 11.f4 Nc5 12.Bc2 a5 13.Nc3 Bb7 14.f5 e5 15.Ndb5 Qc6
16.Rad1 O-O 17.Rfe1 g6 18.Rf1 gxf5 19.Rxf5 Ncxe4 20.Bxe4 Nxe4 21.Nd5 {#r} 1-0

[Event "Ch DDR"]
[Site "masterchessopen.com Jueteborg (Germany)"]
[Round "3"]
[White "Womacka Mathias (GER)"]
[Black "Espig Lutz (GER)"]
[Result "1-0"]
[WhiteElo "2459"]
[BlackElo "2420"]

1.e4 c5 2.Nf3 e6 3.d4 cxd4 4.Nxd4 a6 5.Bd3 Nf6 6.O-O d6 7.c4 Be7 8.Nc3 b6 9.f4
Bb7 10.Qe2 O-O 11.b3 Nc6 12.Nxc6 Bxc6 13.Bb2 Nd7 14.Rad1 e5 15.f5 Qb8 16.a4 g5
17.Nd5 Bxd5 18.f6 Nxf6 19.exd5 Kg7 20.h4 gxh4 21.Rxf6 {#r} 1-0

[Event "Bundesliga"]
[Site "masterchessopen.com Bad Lauterberg (Germany)"]
[Round "0"]
[White "Klinger Josef (AUT)"]
[Black "Martorelli Antonio (ITA)"]
[Result "0-1"]
[WhiteElo "1981"]
[BlackElo "2305"]

1.e4 c5 2.Nf3 e6 3.d4 cxd4 4.Nxd4 a6 5.Bd3 Nc6 6.Nxc6 dxc6 7.O-O e5 8.Nc3 Nf6
9.Kh1 Bc5 10.Qe1 h5 11.Bc4 h4 12.Be3 Qe7 13.Qe2 Bg4 14.f3 Nh5 15.Kg1 Ng3
16.Bxf7+ Qxf7 17.hxg3 hxg3 18.fxg4 Qe7 19.Rf3 Rh1+ {#R} 0-1

[Event "It"]
[Site "masterchessopen.com Illinois (USA)"]
[Round "0"]
[White "Giles Morris (USA)"]
[Black "Szmetan Ricardo (BAR)"]
[Result "1-0"]
[WhiteElo "2360"]
[BlackElo "2184"]

1.e4 c5 2.Nf3 e6 3.d4 cxd4 4.Nxd4 a6 5.Bd3 Nf6 6.O-O d6 7.Kh1 Be7 8.f4 O-O
9.Nc3 Nbd7 10.Qe2 Qc7 11.Nf3 e5 12.fxe5 Nxe5 13.Nxe5 dxe5 14.Bg5 Be6 15.Bxf6
Bxf6 16.Nd5 Bxd5 17.exd5 Qe7 18.c4 {#r} 1-0

[Event "?"]
[Site "masterchessopen.com Graz (Austria)"]
[Round "7"]
[White "Kudrin Sergey (USA)"]
[Black "Jukic Mirko (CRO)"]
[Result "1-0"]
[WhiteElo "2515"]
[BlackElo "2455"]

1.e4 c5 2.Nf3 e6 3.d4 cxd4 4.Nxd4 a6 5.Bd3 Nf6 6.O-O Qc7 7.Qe2 d6 8.Nc3 Be7
9.Kh1 O-O 10.f4 b5 11.e5 Ne8 12.Bd2 Nd7 13.Qe4 g6 14.Qxa8 Bb7 15.Ncxb5 axb5
16.Qa5 {#r} 1-0

[Event "?"]
[Site "masterchessopen.com Graz (Austria)"]
[Round "8"]
[White "Wallner Dieter (AUT)"]
[Black "Guyot Philippe (FRA)"]
[Result "0-1"]
[WhiteElo "2130"]
[BlackElo "2235"]

1.e4 c5 2.Nf3 e6 3.d4 cxd4 4.Nxd4 a6 5.Bd3 Nf6 6.O-O d6 7.c4 g6 8.b3 Bg7 9.Bb2
O-O 10.Kh1 Nbd7 11.f4 Nc5 12.Nc3 e5 13.Nc2 Ng4 {#R} 0-1

[Event "It (open)"]
[Site "masterchessopen.com Mazara del Vallo (Italy)"]
[Round "0"]
[White "Belotti Bruno (ITA)"]
[Black "Slimani Anis (ALG)"]
[Result "1-0"]
[WhiteElo "2433"]
[BlackElo "1964"]

1.e4 e6 2.d4 c5 3.Nf3 cxd4 4.Nxd4 a6 5.Bd3 Nc6 6.Nxc6 bxc6 7.O-O d5 8.c4 Nf6
9.exd5 cxd5 10.cxd5 Nxd5 11.Be4 Ra7 12.Re1 Be7 13.Qd4 Rc7 14.Bxd5 Qxd5 15.Qxg7
Rf8 16.Nc3 Qf5 17.Bh6 Rc4 18.Rad1 Rg4 19.Nd5 Qxd5 20.Qxg4 Qxa2 21.Qe4 {#r} 1-0

[Event "Ch Yugoslavia (team)"]
[Site "masterchessopen.com Pula (Croatia)"]
[Round "0"]
[White "Ciganovic Dusan"]
[Black "Milanovic Danilo (SRB)"]
[Result "1-0"]
[WhiteElo "2315"]
[BlackElo "2516"]

1.e4 c5 2.Nf3 e6 3.d4 cxd4 4.Nxd4 a6 5.Bd3 Nf6 6.O-O Qc7 7.c4 d6 8.Nc3 Be7
9.Be3 O-O 10.Rc1 Nbd7 11.f4 b6 12.b4 Re8 13.g4 g6 14.g5 Nh5 15.Be2 Ng7 16.f5
exf5 17.Nd5 Qb7 18.exf5 Bf8 19.Bf3 Qb8 20.Nc6 Qb7 21.f6 Ne6 22.Nde7+ {#r} 1-0

[Event "Ch Bundeswehr"]
[Site "masterchessopen.com Germany"]
[Round "4"]
[White "Mueller Friedrich (GER)"]
[Black "Hachmeister Dirk (GER)"]
[Result "0-1"]
[WhiteElo "2085"]
[BlackElo "2286"]

1.e4 c5 2.Nf3 e6 3.d4 cxd4 4.Nxd4 a6 5.Bd3 Nc6 6.Nxc6 dxc6 7.O-O e5 8.Nc3 Nf6
9.Kh1 Bc5 10.f4 Ng4 11.Qe1 exf4 12.Bxf4 Qd4 13.Bg3 h5 14.h3 g5 15.Ne2 Qxb2
16.hxg4 hxg4+ 17.Bh2 Rxh2+ 18.Kxh2 Qh8+ 19.Kg3 Qh4# 0-1

[Event "Tournament (team)"]
[Site "masterchessopen.com Karlsruhe (Germany)"]
[Round "0"]
[White "Vatter Hans-Joachim (GER)"]
[Black "Thesing Matthias (GER)"]
[Result "1-0"]
[WhiteElo "2322"]
[BlackElo "2404"]

1.e4 c5 2.Nf3 e6 3.d4 cxd4 4.Nxd4 a6 5.Bd3 Nf6 6.O-O d6 7.Kh1 Nbd7 8.f4 Qc7
9.Nf3 Be7 10.Qe1 O-O 11.e5 Ne8 12.c4 g6 13.Nc3 Ng7 14.b3 b6 15.Bb2 Bb7 16.Ne4
Nc5 17.exd6 Nxd3 18.Qc3 Nxb2 19.dxc7 Bxe4 20.Qxb2 Rfc8 {#r} 1-0

[Event "?"]
[Site "masterchessopen.com Pula (Croatia)"]
[Round "0"]
[White "Ljubicic Filip (CRO)"]
[Black "Sulava Nenad (CRO)"]
[Result "1-0"]
[WhiteElo "2388"]
[BlackElo "2395"]

1.e4 c5 2.Nf3 e6 3.d4 cxd4 4.Nxd4 a6 5.Bd3 Nf6 6.O-O Qc7 7.Kh1 d6 8.Nc3 Nbd7
9.f4 b5 10.a3 Bb7 11.Qe2 Be7 12.Bd2 g6 13.Rac1 e5 14.Nf3 O-O 15.f5 gxf5 16.Nh4
fxe4 17.Nxe4 Nxe4 18.Nf5 Kh8 19.Bxe4 d5 20.Nxe7 dxe4 21.Bh6 Qd6 22.Bg7+ {#r}
1-0

[Event "It (open)"]
[Site "masterchessopen.com St. Ingbert (Germany)"]
[Round "3"]
[White "Burkhard Thorsten"]
[Black "Hubig Volker"]
[Result "0-1"]
[WhiteElo "1584"]
[BlackElo "1896"]

1.e4 c5 2.Nf3 e6 3.d4 cxd4 4.Nxd4 a6 5.Bd3 b5 6.O-O Bb7 7.Be3 d6 8.a3 Nf6
9.Nc3 Nbd7 10.Bg5 Be7 11.f4 Qb6 12.Be2 e5 13.fxe5 dxe5 14.Kh1 exd4 15.Bxf6
Nxf6 16.e5 dxc3 17.exf6 Bxf6 18.bxc3 O-O {#R} 0-1

[Event "It (open)"]
[Site "masterchessopen.com Balatonbereny (Hungary)"]
[Round "0"]
[White "Schlosser Michael (AUT)"]
[Black "Vyzmanavin Alexey (RUS)"]
[Result "0-1"]
[WhiteElo "2430"]
[BlackElo "2540"]

1.e4 c5 2.Nf3 e6 3.d4 cxd4 4.Nxd4 a6 5.Bd3 Qc7 6.O-O Nf6 7.c4 Nc6 8.Nxc6 dxc6
9.f4 e5 10.Kh1 Bc5 11.Qf3 Bg4 12.Qg3 Qd7 13.h3 O-O-O 14.Bc2 Nh5 15.Qh4 Be2
16.Re1 exf4 17.Bxf4 Nxf4 18.Qxf4 Bxc4 19.Nc3 Qd2 {#R} 0-1

[Event "It (b)"]
[Site "masterchessopen.com Biel (Switzerland)"]
[Round "0"]
[White "Nemet Ivan (SUI)"]
[Black "Klinger Josef (AUT)"]
[Result "0-1"]
[WhiteElo "2348"]
[BlackElo "1981"]

1.d4 e6 2.Nf3 c5 3.e4 cxd4 4.Nxd4 a6 5.Bd3 Nf6 6.O-O Qc7 7.f4 Bc5 8.c3 Nc6
9.e5 Nd5 10.Kh1 Nxd4 11.cxd4 Bxd4 12.Be4 Ba7 13.Bxd5 exd5 14.Nc3 b5 15.f5 Bb7
16.Bf4 d4 17.Ne2 Qc6 18.Rf3 Qxf3 {#R} 0-1

[Event "It (open)"]
[Site "masterchessopen.com Biel (Switzerland)"]
[Round "0"]
[White "Gast Jonathan (SUI)"]
[Black "Dizdarevic Emir (CRO)"]
[Result "0-1"]
[WhiteElo "2209"]
[BlackElo "2495"]

1.e4 c5 2.Nf3 e6 3.d4 cxd4 4.Nxd4 a6 5.Bd3 Nf6 6.O-O Qc7 7.Nd2 d6 8.a4 b6
9.Qe2 Nbd7 10.Ra3 Nc5 11.Rc3 Qb7 12.b3 Be7 13.Bb2 e5 14.Nf5 Bxf5 15.exf5 O-O
16.Re1 e4 17.Bxe4 Ncxe4 18.Nxe4 Nxe4 19.Rh3 Bf6 20.Qh5 h6 {#R} 0-1

[Event "It (open)"]
[Site "masterchessopen.com Chianciano Terme (Italy)"]
[Round "0"]
[White "Rigo Janos (HUN)"]
[Black "Martinovic Slobodan (SRB)"]
[Result "0-1"]
[WhiteElo "2390"]
[BlackElo "2460"]

1.e4 c5 2.Nf3 e6 3.d4 cxd4 4.Nxd4 a6 5.Bd3 Nf6 6.O-O Qc7 7.Kh1 d6 8.f4 g6
9.Nc3 Bg7 10.e5 dxe5 11.fxe5 Qxe5 12.Nb3 Qc7 13.Bf4 Qb6 14.Bd6 Qxd6 {#R} 0-1

[Event "It (open) \"]
[Site "masterchessopen.com Cologne (Germany)"]
[Round "0"]
[White "Stillger Bernhard (GER)"]
[Black "Palos Osman (BIH)"]
[Result "0-1"]
[WhiteElo "2296"]
[BlackElo "2336"]

1.e4 c5 2.Nf3 e6 3.d4 cxd4 4.Nxd4 a6 5.Bd3 Qc7 6.O-O Nf6 7.f4 Bc5 8.c3 d6
9.Kh1 h5 10.Nd2 Ng4 11.N2f3 e5 12.fxe5 dxe5 13.Ng5 exd4 14.cxd4 Qxh2# 0-1